Turkish Eurobasket 2025 national team - Statistics

General Stats
  • This quiz has been taken 27 times
  • The average score is 8 of 13
Answer Stats
Hint Answer % Correct
C Alperen Sengun
100%
G/F Cedi Osman
93%
F/C Adem Bona
79%
G Furkan Korkmaz
71%
G Shane Larkin
71%
C Ercan Osmani
64%
Coach Ergin Ataman
64%
G Kenan Sipahi
57%
G Sehmus Hazer
57%
G/F Onuralp Bitim
50%
C Sertac Sanli
50%
C Omer Yurtseven
43%
F Erkan Yilmaz
36%
No matching quizzes found
Score Distribution
Percent of People with Each Score
Percentile by Number Answered
Your Score History
You have not taken this quiz